| 000 | 01157cam a2200313 a 4500 | ||
|---|---|---|---|
| 999 |
_c529513 _d529513 |
||
| 001 | 1495070 | ||
| 003 | NUST | ||
| 005 | 20190927095137.0 | ||
| 008 | 880315s1989 dcua b 000 0 eng | ||
| 010 | _a 88050294 | ||
| 020 |
_a0309045517 : _c$9.00 |
||
| 038 | _aMSOHAIL | ||
| 040 |
_aDLC _cDLC _dDLC |
||
| 050 | 0 | 0 |
_aTG325.6 _b.B87 1989 |
| 082 | 0 | 0 |
_a624.253 _220 |
| 100 | 1 |
_aBurke, Martin P. _921717 |
|
| 245 | 1 | 0 |
_aBridge deck joints / _cMartin P. Burke, Jr. |
| 260 |
_aWashington, D.C. : _bTransportation Research Board, National Research Council, _c[1989] |
||
| 300 |
_a66 p. : _bill. ; _c28 cm. |
||
| 490 | 1 |
_aSynthesis of highway practice / National Cooperative Highway Research Program, _x0547-5570 ; _v141 |
|
| 500 | _a"September 1989." | ||
| 504 | _aIncludes bibliographical references (p. 49-50). | ||
| 650 | 0 |
_aBridges _xFloors _xJoints. _921718 |
|
| 710 | 2 |
_aNational Research Council (U.S.). _bTransportation Research Board. _919676 |
|
| 830 | 0 |
_aSynthesis of highway practice ; _v141. _921719 |
|
| 906 |
_a7 _bcbc _corignew _d3 _eocip _f19 _gy-gencatlg |
||
| 942 |
_2ddc _cBK |
||